00371nam a2200157Ia 45000010006000000050017000060080041000230410008000640820018000721000024000902450043001142600009001573000031001666500008001976540008002051831320260306171621.0260306s9999||||xx |||||||||||||| ||und|| aESP a658.403bA59E aAndreu, RafaeleAUT 0aEstrategia y sistemas de información c1996 ax, 199 páginas :c24 cm. aGEN aCAN